[Event "AUTO-ADV-880"]
[Site "http://www.queenalice.com/game.php?id=449042"]
[Date "2008.8.15"]
[Round "2"]
[White "IuriPasini"]
[Black "alvarogoulart"]
[Result "1-0"]
[WhiteElo "2192"]
[BlackElo "1770"]

1. e4 b6 2. d4 Bb7 3. Bd3 e6 4. c4 Nc6 5. Nf3 Nf6 6. O-O Nb4 7. e5 Ne4 8. a3
Nxd3 9. Qxd3 h6 10. Re1 Ng5 11. d5 Nxf3+ 12. Qxf3 Bc5 13. Nc3 Rb8 14. Qg3 Bf8
15. Rd1 exd5 16. cxd5 d6 17. Bf4 Be7 18. Qxg7 Kd7 19. Qxf7 Rf8 20. Qe6+ Ke8 21.
Bxh6 Rh8 22. Ne4 Rxh6 23. Qxh6 dxe5 24. Qg6+ Kd7 25. Qe6+ Ke8 26. Nf6+ Kf8 27.
Qg8# 1-0

[Event "AUTO-ADV-880"]
[Site "http://www.queenalice.com/game.php?id=449043"]
[Date "2008.8.15"]
[Round "2"]
[White "bjphillips"]
[Black "IuriPasini"]
[Result "0-1"]
[WhiteElo "1912"]
[BlackElo "2212"]

1. e4 c5 2. Nc3 e6 3. f4 d5 4. e5 Nc6 5. Nf3 Nge7 6. Be2 Nf5 7. O-O Be7 8. Qe1
Nb4 9. Qd1 O-O 10. a3 Nc6 11. Bb5 Qb6 12. Bxc6 bxc6 13. Kh1 Ba6 14. d3 Rad8 15.
Qe1 c4 16. g4 Nd4 17. Nxd4 cxd3 18. Be3 c5 19. Na4 Qc7 20. cxd3 cxd4 21. Bxd4
Bxd3 22. Rf2 Bh4 23. Nc5 Bxf2 24. Qxf2 Be4+ 25. Nxe4 dxe4 26. Bxa7 Rd3 27. Bc5
Rfd8 28. Bd6 Qb7 29. Qe2 Rb3 30. Rb1 Ra8 31. Kg1 Qb6+ 32. Kg2 Qc6 33. Kg1 Ra5
34. f5 exf5 35. gxf5 f6 36. Qg4 Rxb2 37. Rf1 Qb6+ 38. Kh1 Rb1 39. Kg2 Rxf1 40.
Kxf1 Rb5 41. Bb4 Rxe5 42. Ke2 Qb5+ 43. Ke1 Rxf5 0-1

[Event "AUTO-ADV-880"]
[Site "http://www.queenalice.com/game.php?id=449044"]
[Date "2008.8.15"]
[Round "2"]
[White "IuriPasini"]
[Black "bjphillips"]
[Result "1-0"]
[WhiteElo "2194"]
[BlackElo "1917"]

1. e4 c5 2. Nf3 d6 3. d4 cxd4 4. Nxd4 Nf6 5. Nc3 g6 6. Be3 Bg7 7. Be2 Nc6 8. f3
O-O 9. Qd2 Qb6 10. Ne6 Qxb2 11. Rb1 Qxb1+ 12. Nxb1 Bxe6 13. Nc3 Rfc8 14. O-O Nb4
15. a3 Nc6 16. Rb1 Rc7 17. Nb5 Rcc8 18. Nd4 b6 19. Nxe6 fxe6 20. Ba6 Rc7 21. Bb5
Nd7 22. Bc4 Kf7 23. f4 Rac8 24. f5 Ke8 25. Bxe6 Nce5 26. Qd5 Nf6 27. Qb3 Rb8 28.
Bd4 gxf5 29. Bxe5 dxe5 30. Qb5+ Kf8 31. Qxe5 Rbb7 32. Qxf5 Ke8 33. e5 Rc5 34.
Qf3 1-0

[Event "AUTO-OPEN-1041"]
[Site "http://www.queenalice.com/game.php?id=470646"]
[Date "2008.9.30"]
[Round "3"]
[White "Fischercat"]
[Black "IuriPasini"]
[Result "0-1"]
[WhiteElo "1833"]
[BlackElo "2192"]

1. e4 c5 2. d4 cxd4 3. c3 dxc3 4. Nxc3 e6 5. Be2 Nc6 6. Nf3 d6 7. O-O Nf6 8. Bd3
Be7 9. Bg5 O-O 10. Bxf6 Bxf6 11. a3 a6 12. Qc2 g6 13. Rad1 Qe7 14. Rfe1 Bd7 15.
Na4 Nd4 16. Nxd4 Bxd4 17. Nb6 Bxb6 18. h3 Qf6 19. Qe2 Bc6 20. Bc4 Rad8 21. Rd3
d5 22. exd5 exd5 23. Bb3 Bb5 24. Rf3 Qd6 25. Qd2 Bc7 26. g3 Bc4 27. Bxc4 dxc4
28. Qc2 b5 29. Qc3 Rfe8 30. Rxe8+ Rxe8 31. Rf6 Qd1+ 32. Kg2 Be5 0-1

[Event "AUTO-OPEN-1041"]
[Site "http://www.queenalice.com/game.php?id=470647"]
[Date "2008.9.30"]
[Round "3"]
[White "IuriPasini"]
[Black "Fischercat"]
[Result "1-0"]
[WhiteElo "2198"]
[BlackElo "1848"]

1. e4 e6 2. d4 d5 3. Nd2 c5 4. exd5 exd5 5. Ngf3 Nc6 6. Bb5 Bd6 7. O-O Ne7 8.
dxc5 Bxc5 9. Nb3 Bb6 10. Re1 O-O 11. Bg5 Qd6 12. Qd2 a6 13. Bf4 Qd7 14. Ne5 axb5
15. Nxd7 Bxd7 16. Bd6 Rfe8 17. c3 Nf5 18. Bc5 Bxc5 19. Nxc5 Be6 20. Nxb7 Rac8
21. g4 Nh4 22. Qf4 Ng6 23. Qg3 Re7 24. Nd6 Rd8 25. Nxb5 d4 26. cxd4 Bd5 27. Rxe7
Ngxe7 28. b3 Be6 29. Rd1 g6 30. h4 Rd5 31. a4 h6 32. Qf4 h5 33. Nc3 Rd8 34. d5
Bxg4 35. f3 1-0

[Event "Brasileirão"]
[Site "http://www.queenalice.com/game.php?id=477019"]
[Date "2008.10.14"]
[Round "2"]
[White "cunha"]
[Black "IuriPasini"]
[Result "1-0"]
[WhiteElo "2495"]
[BlackElo "2257"]

1. e4 c5 2. Nf3 e6 3. d4 cxd4 4. Nxd4 Nf6 5. Nc3 d6 6. a4 Be7 7. Be2 O-O 8. O-O
Nc6 9. Be3 a6 10. f4 Qc7 11. Qe1 b6 12. Qg3 Kh8 13. Nxc6 Qxc6 14. e5 Nd7 15. Qh3
Bb7 16. Bd3 g6 17. Be4 d5 18. Bd3 Nc5 19. Be2 Rad8 20. Bd4 Nd7 21. Bd3 Nc5 22.
Be2 Nd7 23. Bd3 Nc5 24. Qe3 Nxd3 25. cxd3 b5 26. Rac1 Qe8 27. axb5 axb5 28. Ne2
Rc8 29. Rxc8 Qxc8 30. Rc1 Qd7 31. Bc5 Rc8 32. b4 Kg8 33. Bxe7 Qxe7 34. Rxc8+
Bxc8 35. Qd4 h6 36. g3 Kg7 37. h3 Bd7 38. Qc3 g5 39. Kg2 Be8 40. fxg5 hxg5 41.
Nd4 Qa7 42. g4 Kf8 43. Nf3 Qe3 44. Qc2 Ke7 45. d4 Bd7 46. Kg3 Kd8 47. Qh7 Qc3
48. Qxf7 Qxb4 49. Qf6+ Kc7 50. Qxg5 Qb1 51. Qe7 b4 52. h4 b3 53. h5 b2 54. h6
Qh1 55. Qc5+ Kd8 56. Qb6+ Ke8 57. h7 Qxh7 58. Qxb2 Qh6 59. Qh2 Qxh2+ 60. Nxh2
Kf7 61. Nf3 Kg7 62. Ng5 Kg6 63. Kh4 Kh6 64. Nh3 Be8 65. Nf4 Bf7 66. g5+ Kg7 67.
Kg4 Kh7 68. g6+ Bxg6 69. Kg5 1-0

[Event "AUTO-ADV-879"]
[Site "http://www.queenalice.com/game.php?id=503488"]
[Date "2008.12.5"]
[Round "2"]
[White "IuriPasini"]
[Black "mole"]
[Result "1-0"]
[WhiteElo "2273"]
[BlackElo "2211"]

1. e4 c5 2. Nf3 Nc6 3. d4 cxd4 4. Nxd4 Nf6 5. Nc3 e5 6. Ndb5 d6 7. a4 a6 8. Na3
d5 9. exd5 Nd4 10. Bd3 Nxd5 11. Nxd5 Qxd5 12. O-O Be6 13. c3 Nc6 14. Qe2 Rd8 15.
Rd1 Bxa3 16. Rxa3 Bf5 17. Bc2 Qe6 18. Rxd8+ Nxd8 19. Bb3 Qf6 20. f4 e4 21. Bd5
O-O 22. c4 Nc6 23. Re3 Rd8 24. Bxe4 Nd4 25. Qd1 Bxe4 26. Rxe4 Qb6 27. Be3 Ne6
28. Qc2 Qa5 29. h3 Qf5 30. b4 1-0

[Event "AUTO-ADV-879"]
[Site "http://www.queenalice.com/game.php?id=503489"]
[Date "2008.12.5"]
[Round "2"]
[White "mole"]
[Black "IuriPasini"]
[Result "0-1"]
[WhiteElo "2222"]
[BlackElo "2262"]

1. Nf3 d5 2. b3 Nf6 3. Bb2 g6 4. e3 Bg7 5. Be2 O-O 6. O-O c5 7. d4 cxd4 8. Nxd4
Re8 9. Nf3 Nc6 10. c4 e5 11. cxd5 Nxd5 12. Bc4 Be6 13. Bb5 Ndb4 14. Qe2 e4 15.
Nd4 Nxd4 16. Bxd4 Bxd4 17. exd4 Bd7 18. Nc3 Bxb5 19. Qxb5 Qxd4 20. Ne2 Qb6 21.
Qxb6 axb6 22. a3 Nd3 23. Rfd1 Rac8 24. Nc1 Nb2 0-1

[Event "AUTO-ADV-879"]
[Site "http://www.queenalice.com/game.php?id=503490"]
[Date "2008.12.5"]
[Round "2"]
[White "IuriPasini"]
[Black "Rapha66"]
[Result "1-0"]
[WhiteElo "2266"]
[BlackElo "1799"]

1. e4 e5 2. Nf3 d6 3. Bc4 h6 4. d4 exd4 5. Nxd4 a6 6. a4 Nf6 7. Nc3 Be7 8. O-O
Nbd7 9. f4 Nc5 10. e5 Ng4 11. e6 Nxe6 12. Nxe6 Bxe6 13. Bxe6 fxe6 14. Qxg4 Bf6
15. Qxe6+ Qe7 16. Qxe7+ Bxe7 17. Nd5 Kd7 18. Nxe7 Kxe7 19. Re1+ Kd7 20. b3 Rad8
21. Bb2 Rhg8 22. Re2 Kc8 23. Re7 g6 24. Rae1 g5 25. f5 Rgf8 26. g4 h5 27. gxh5
Rxf5 28. h6 g4 29. h7 Rg5 30. Re8 Rxe8 31. Rxe8+ Kd7 32. h8=Q Kc6 33. Re7 g3 34.
h4 Rc5 35. Qe8+ Kb6 36. Bd4 1-0

[Event "AUTO-ADV-879"]
[Site "http://www.queenalice.com/game.php?id=503491"]
[Date "2008.12.5"]
[Round "2"]
[White "Rapha66"]
[Black "IuriPasini"]
[Result "0-1"]
[WhiteElo "1800"]
[BlackElo "2265"]

1. e4 c5 2. Nf3 e6 3. d4 cxd4 4. Qxd4 Nc6 5. Qd1 Nf6 6. Bd3 a6 7. a3 Be7 8. Nc3
d6 9. O-O O-O 10. Ng5 Ne5 11. Bf4 Nxd3 12. Qxd3 Nh5 13. Bxd6 Qxd6 14. Qxd6 Bxd6
15. Nf3 b5 16. Rfe1 Bb7 17. Re3 Rfd8 18. g4 Nf4 19. Rd1 Bc5 20. Rxd8+ Rxd8 21.
Re1 Nh3+ 22. Kg2 Nxf2 23. e5 Nxg4 24. Kg3 Nh6 25. Ne4 Nf5+ 26. Kg2 Ne3+ 27. Kh1
Bxe4 28. Kg1 Bxf3 29. Kf2 Nxc2+ 30. Kxf3 Nxe1+ 0-1

[Event "Challenge"]
[Site "http://www.queenalice.com/game.php?id=553079"]
[Date "2009.3.9"]
[Round "-"]
[White "SJRioPreto"]
[Black "IuriPasini"]
[Result "1-0"]
[WhiteElo "2275"]
[BlackElo "2288"]

1. d4 d5 2. c4 e6 3. Nf3 Nf6 4. Nc3 Be7 5. Bg5 O-O 6. e3 Re8 7. Rc1 Nbd7 8. Bd3
dxc4 9. Bxc4 a6 10. O-O b5 11. Bd3 Bb7 12. Qc2 c5 13. Bxf6 Nxf6 14. dxc5 Bxc5
15. Rfd1 Qe7 16. Ne4 Nxe4 17. Bxe4 Rac8 18. Qb1 Bxe4 19. Qxe4 Qf6 20. b3 Rcd8
21. g3 Bf8 22. Rxd8 Rxd8 23. Rc6 Qa1+ 24. Kg2 Qxa2 25. Ng5 g6 26. Qh4 h5 27. Qf4
Rd7 28. Ne4 Qxb3 29. Nf6+ Kg7 30. Qe5 Rd2 31. Nxh5+ Kg8 32. Nf6+ Kg7 33. Ne4+
1-0

[Event "IURI x BRUNO"]
[Site "http://www.queenalice.com/game.php?id=568791"]
[Date "2009.4.8"]
[Round "-"]
[White "IuriPasini"]
[Black "bruno_borges"]
[Result "1-0"]
[WhiteElo "2285"]
[BlackElo "1976"]

1. e4 e5 2. Nf3 Nc6 3. Bb5 a6 4. Ba4 Nf6 5. O-O Nxe4 6. d4 b5 7. Bb3 d5 8. dxe5
Be6 9. c3 Be7 10. Nbd2 O-O 11. Re1 Nc5 12. Bc2 Qd7 13. Nb3 Nxb3 14. axb3 Bg4 15.
Qd3 g6 16. Bh6 Rfe8 17. h3 Bf5 18. Qd2 Bxc2 19. Qxc2 Bf8 20. Bxf8 Kxf8 21. Qd2
Kg7 22. c4 d4 23. Re4 Qf5 24. Rae1 Rad8 25. Nxd4 Nxd4 26. Rxd4 Rxd4 27. Qxd4 Kg8
28. c5 Qe6 29. Re3 Qf5 30. b4 Qc8 31. Rd3 Qe6 32. f4 1-0

[Event "Challenge"]
[Site "http://www.queenalice.com/game.php?id=578632"]
[Date "2009.4.27"]
[Round "-"]
[White "garca"]
[Black "IuriPasini"]
[Result "0-1"]
[WhiteElo "1769"]
[BlackElo "2283"]

1. e4 c5 2. Nc3 Nc6 3. d3 Nf6 4. h3 g6 5. Nf3 d6 6. Be3 Bg7 7. Be2 O-O 8. Qd2
Qb6 9. Rb1 Nd4 10. O-O Bd7 11. Nh2 Bc6 12. Bxd4 cxd4 13. Nd1 e5 14. f4 Bh6 15.
g3 Nxe4 16. Qe1 Nc5 17. fxe5 dxe5 18. Bf3 Rae8 19. Bxc6 Qxc6 20. Qf2 f5 21. Qg2
e4 22. dxe4 fxe4 23. Nf2 e3 24. Nd3 Qxg2+ 25. Kxg2 Rxf1 26. Rxf1 Nxd3 0-1

[Event "Challenge"]
[Site "http://www.queenalice.com/game.php?id=580151"]
[Date "2009.4.30"]
[Round "-"]
[White "IuriPasini"]
[Black "limonois"]
[Result "1/2-1/2"]
[WhiteElo "2299"]
[BlackElo "2355"]

1. e4 e6 2. d4 a6 3. Nf3 b5 4. a4 Bb7 5. Nbd2 b4 6. Bd3 Nf6 7. O-O d6 8. c3 Nc6
9. Qc2 Be7 10. Nb3 bxc3 11. bxc3 Rb8 12. Re1 h6 13. Rb1 O-O 14. Qe2 Qd7 15. a5
Rfe8 16. e5 Nd5 17. Bd2 dxe5 18. dxe5 Na7 19. Bxa6 Bxa6 20. Qxa6 c5 21. Qf1 Qa4
22. c4 Rxb3 23. Rxb3 Qxb3 24. cxd5 Qxd5 25. Bc3 Qb3 26. Rc1 Qa3 27. Nd2 Bg5 28.
h4 Bf4 29. Rc2 Qa4 30. Rb2 Bxd2 31. Rxd2 Nb5 32. Qd3 Rc8 33. Qf3 Nxc3 34. Qxc3
Qxh4 35. a6 Qb4 36. Qd3 c4 37. Qd8+ Rxd8 38. Rxd8+ Kh7 39. a7 c3 40. a8=Q c2 41.
Rc8 1/2-1/2

[Event "Brasileirão"]
[Site "http://www.queenalice.com/game.php?id=592416"]
[Date "2009.5.22"]
[Round "4"]
[White "ichtus"]
[Black "IuriPasini"]
[Result "0-1"]
[WhiteElo "2265"]
[BlackElo "2280"]

1. d4 d5 2. Nf3 Nf6 3. Bg5 e6 4. Nbd2 c5 5. dxc5 Bxc5 6. e3 Nbd7 7. c3 O-O 8.
Bd3 e5 9. Bc2 Qc7 10. O-O h6 11. Bxf6 Nxf6 12. h3 Be6 13. Nb3 Bd6 14. Nfd2 Rad8
15. Qe2 Rfe8 16. Rfd1 Bf8 17. Bd3 a6 18. e4 dxe4 19. Nxe4 Nd5 20. Bc2 Nf4 21.
Qe3 f5 22. Rxd8 Rxd8 23. Ng3 g6 24. Ne2 Nd5 25. Qg3 Kh7 26. Rd1 Bd6 27. Qd3 b5
28. Qd2 Nf6 29. Nec1 a5 30. Qe1 b4 31. Ne2 Bd5 32. Qf1 a4 33. Nd2 a3 34. bxa3
bxa3 35. Bb3 Bc5 36. Bxd5 Nxd5 37. Nb3 Bb6 38. Rc1 Nf6 39. Ng3 f4 0-1

[Event "Challenge"]
[Site "http://www.queenalice.com/game.php?id=594796"]
[Date "2009.5.28"]
[Round "-"]
[White "kaspariver"]
[Black "IuriPasini"]
[Result "0-1"]
[WhiteElo "1622"]
[BlackElo "2298"]

1. d4 d5 2. Nc3 e6 3. e4 dxe4 4. Nxe4 Nd7 5. Bd3 Ngf6 6. Bg5 Be7 7. Nxf6+ Nxf6
8. Nf3 O-O 9. O-O h6 10. Bh4 b6 11. Ne5 Bb7 12. Bxf6 Bxf6 13. Qg4 c5 14. Qg3
Qxd4 15. Ng4 Bg5 16. Rad1 Qf4 17. Qh3 Rad8 18. Rfe1 Rd4 19. Ne5 Be4 20. Nf3 Bxf3
21. gxf3 Qf6 0-1

[Event "Challenge"]
[Site "http://www.queenalice.com/game.php?id=594808"]
[Date "2009.5.28"]
[Round "-"]
[White "IuriPasini"]
[Black "kaspariver"]
[Result "1-0"]
[WhiteElo "2284"]
[BlackElo "1932"]

1. e4 c5 2. Nf3 Nc6 3. d4 cxd4 4. Nxd4 e6 5. c4 Bb4+ 6. Nc3 Bxc3+ 7. bxc3 Nge7
8. Be2 d5 9. cxd5 exd5 10. Bf3 dxe4 11. Bxe4 Qc7 12. Nb5 Qe5 13. Nd6+ Kf8 14.
O-O Qxc3 15. Rb1 b6 16. Bb2 Qc5 17. Rc1 Qb4 18. Bxc6 Qxb2 19. Bxa8 1-0

[Event "Desafio #1"]
[Site "http://www.queenalice.com/game.php?id=603084"]
[Date "2009.6.14"]
[Round "-"]
[White "Aylton"]
[Black "IuriPasini"]
[Result "0-1"]
[WhiteElo "1945"]
[BlackElo "2278"]

1. d4 d5 2. Nf3 Nf6 3. e3 e6 4. c4 Be7 5. Nc3 O-O 6. a3 dxc4 7. Bxc4 a6 8. O-O
b5 9. Be2 Nbd7 10. h3 Bb7 11. b3 c5 12. Bb2 Rc8 13. dxc5 Nxc5 14. Qxd8 Rfxd8 15.
b4 Nce4 16. Rac1 Nxc3 17. Rxc3 Rxc3 18. Bxc3 Rc8 19. Bd4 Ne4 20. Bd3 f6 21. Bb2
Kf7 22. Rc1 Rd8 23. Bb1 e5 24. Kf1 Bd5 25. Ke1 g6 26. Rc7 Nd6 27. Ra7 Ra8 28.
Rxa8 Bxa8 29. Ke2 Bd5 30. g3 Nc4 31. Bc1 a5 32. bxa5 Nxa5 33. Nd2 Ke6 34. h4 Nb3
35. Nxb3 Bxb3 36. Bb2 Bc4+ 37. Kd2 f5 38. Bd3 Bxd3 39. Kxd3 Kd5 40. f4 e4+ 41.
Kc2 Bc5 42. Bc1 Kc4 43. Kb2 Kd3 44. Kb3 Bxe3 45. Bb2 Bf2 46. Kb4 e3 47. Kxb5 e2
0-1

[Event "Desafio #2"]
[Site "http://www.queenalice.com/game.php?id=603085"]
[Date "2009.6.14"]
[Round "-"]
[White "IuriPasini"]
[Black "Aylton"]
[Result "1-0"]
[WhiteElo "2276"]
[BlackElo "1948"]

1. e4 c5 2. Nf3 Nc6 3. d4 cxd4 4. Nxd4 Nf6 5. Nc3 e6 6. Be2 Bb4 7. Nxc6 Bxc3+ 8.
bxc3 bxc6 9. e5 Nd5 10. Qd2 O-O 11. Ba3 Re8 12. Bd6 Qa5 13. c4 Qxd2+ 14. Kxd2
Nf4 15. Bf1 Ba6 16. g3 Ng6 17. Kc3 f6 18. f4 fxe5 19. fxe5 Nh8 20. Rd1 Nf7 21.
Bg2 Nxd6 22. Rxd6 Bc8 23. Rb1 Rf8 24. Rd2 Rf5 25. Kd4 a5 26. Be4 Rf7 27. h4 Ba6
28. Rd3 Bc8 29. Ra3 Rf2 30. Ke3 Rf8 31. Ra4 g6 32. c5 Kg7 33. Rb3 h6 34. Rba3 g5
35. h5 Bb7 36. Rxa5 Rxa5 37. Rxa5 Ra8 38. Rxa8 Bxa8 39. Bd3 Kf8 40. a4 Ke8 41.
a5 Kd8 42. a6 Kc7 43. Kd4 Kb8 44. Kc3 Ka7 45. Kb4 Kb8 46. Ka5 Ka7 47. Bg6 Kb8
48. Kb6 1-0